000 00777nam a2200217Ia 4500
003 GCL
008 140319s9999 xx 000 0 ara d
020 _a1605852297
040 _aGCL /
_cGCL
082 0 4 _a809
_bم م
100 1 _aمحمد مدنى
245 1 0 _aالمقارنة المغلقة :
_bقراءة فى تحولات نظرية التأثيرات الأدبية /
_cمحمد مدنى
250 _aالاولى
260 _aالقاهرة :
_bدار الهدى للنشر والتوزيع ،
_c2003
300 _a158 ص ؛
_c24 سم
650 0 4 _aالادب - تاريخ ونقد
650 0 4 _aالادب المقارن
650 0 4 _aالادب - نظريات
650 0 4 _aالادب المقارن - الفرنسى والامريكى
942 _2ddc
_cBK
999 _c6360
_d6360